<A> Valuable National Asset 1995-1996 Annual Report Center for the Study of the Presidency
Guardado en:
| Formato: | Libro |
|---|---|
| Lenguaje: | inglés |
| Publicado: |
New York
Center for the Study of the Presidency
[1996]
|
| Edición: | 1. ed. |
| Materias: | |
| Etiquetas: |
Sin Etiquetas, Sea el primero en etiquetar este registro!
|
MARC
| LEADER | 00000nam a2200000 4500 | ||
|---|---|---|---|
| 001 | c016039 | ||
| 005 | 20221214073014.5 | ||
| 041 | 0 | |a eng | |
| 044 | |a US | ||
| 245 | 1 | 0 | |a <A> Valuable National Asset |b 1995-1996 Annual Report Center for the Study of the Presidency |
| 250 | |a 1. ed. | ||
| 264 | 1 | |a New York |b Center for the Study of the Presidency |c [1996] | |
| 300 | |a 34 s. | ||
| 610 | 2 | 0 | |a vzdelávanie |
| 610 | 2 | 0 | |a vzdelávanie ďalšie |
| 610 | 2 | 0 | |a vzdelávanie permanentné |
| 610 | 2 | 0 | |a nadácie |
| 610 | 2 | 0 | |a štúdium postgraduálne |
| 610 | 2 | 0 | |a USA |